Group financial statements /

This book is about: The conceptual and regulatory framework; Acquisition accounting; Acquisition and equity accounting; The merger method of accounting; Additions to the group; ...

Na minha lista:
Detalhes bibliográficos
Autor principal: Dodge, Roy.
Formato: Livro
Idioma:English
Publicado em: London : Chapman and Hall, 1996.
Edição:1rst ed.
Assuntos:
Tags: Adicionar Tag
Sem tags, seja o primeiro a adicionar uma tag!
Thư viện lưu trữ: Mạng thư viện Đại học Đà Nẵng
LEADER 01113cam a2200385 i 4500
001 000049442
003 9188
005 20051111143533.0
008 010320b1996 vm 000 eng
020 |a 0412639300 
040 |a IRC  |c IRC  |d IRC 
041 0 |a eng 
082 1 4 |a 657.3  |b DO-R 
100 1 |a Dodge, Roy. 
245 1 0 |a Group financial statements /  |c Roy Dodge. 
250 |a 1rst ed. 
260 |a London :  |b Chapman and Hall,  |c 1996. 
300 |a xvi, 320 p. :  |b ill. ;  |c 24.5 cm. 
520 3 |a This book is about: The conceptual and regulatory framework; Acquisition accounting; Acquisition and equity accounting; The merger method of accounting; Additions to the group; ... 
630 0 4 |a Finance. 
630 0 4 |a Economics. 
630 0 4 |a Corporations. 
630 0 4 |a Auditing. 
650 0 4 |a Financial statements. 
650 0 4 |a Corporations  |x Auditing. 
OWN |a DUT 
999 |a From the UDN01 
TYP |a Monograph 
TYP |a Printed language 
980 |a Mạng thư viện Đại học Đà Nẵng